00609nam a2200169 i 4500001000300000100001800003245011000021260002100131040000800152041000800160942000700168008004100175999001700216856009800233952005900331952004900390bg1 aPOLYA, George 0aOdkrycie matematyczne :bo rozumieniu, uczeniu się i nauczaniu rozwiązywaniu zadań /cGeorge Polya. aWarszawa,c1975. cBPK apol cKS s pl f |000 0 pol  c15956d15956 uhttp://koha.tu.koszalin.pl/cgi-bin/koha/opac-detail.pl?biblionumber=15956yKatalog online BPK 00104071aELBUDbELBUDcbo19376p02227726t51 MyKS 00104070aBPKbBPKcwo19377p01474138yKS